Modelling Mortality with Actuarial Applications

Salvato in:
Dettagli Bibliografici
Autore principale: Macdonald, Angus S.
Altri autori: Richards, Stephen J., Currie, Iain D.
Natura: Libro
Lingua:inglese
Pubblicazione: Cambridge Cambridge University Press 2018
Edizione:1st Edition
Serie:International Series on Actuarial Science
Soggetti:
Tags: Aggiungi Tag
Nessun Tag, puoi essere il primo ad aggiungerne!!

MARC

LEADER 00000nam a2200000 4500
001 0263820
005 20240221113010.2
020 |a 978-1-107-04541-5 
041 0 |a eng 
044 |a GB 
245 1 0 |a Modelling Mortality with Actuarial Applications  |c Angus S. Macdonald, Stephen J. Richards, Iain D. Currie 
250 |a 1st Edition 
264 1 |a Cambridge  |b Cambridge University Press  |c 2018 
300 |a 369 s. 
490 1 |a International Series on Actuarial Science 
830 0 |a International Series on Actuarial Science 
610 2 0 |a poisťovníctvo 
610 2 0 |a metódy štatistické 
610 2 0 |a analýzy 
610 2 0 |a modelovanie matematické 
610 2 0 |a modely aktuárske 
610 2 0 |a demografia 
610 2 0 |a úmrtnosť 
610 2 0 |a riziko 
610 2 0 |a pravdepodobnosť 
610 2 0 |a poistenie životné 
610 2 0 |a zaistenie 
610 2 0 |a penzie 
610 2 0 |a portfólio 
100 1 |a Macdonald, Angus S. 
700 1 |a Richards, Stephen J. 
700 1 |a Currie, Iain D.